Célébrités de 84 ans et plus encore en vie par image - Statistiques

Statistiques générales
  • Ce quiz a été pris 99 fois
  • Le résultat moyen est 9 sur 16
Statistiques - réponses
Par images Réponse % Correct
Bardot
87%
Renaud
86%
Chirac
79%
Richard
78%
Eastwood
74%
Hernandez
73%
Lang
70%
Jospin
68%
Nicholson
64%
Hopkins
62%
Al Pacino
52%
Starr
29%
Dylan
23%
Lloyd
23%
Hogan
12%
Armani
8%
Aucun quiz correspondant
Distribution des résultats
% des personnes avec chaque résultat
Percentile par nombre de réponses
Votre historique - résultats
Vous n’avez pas pris ce quiz